000 00915nam a2200289Ia 4500
003 OSt
005 20221005061853.0
006 a|||||r|||| 00| 0
007 ta
008 221004b |||||||| |||| 00| 0 eng d
020 _a9780815360469 (pbk)
_cUKP 32.99
024 _a43320
037 _bBBS/99, 05/03/2019, Better Book Service
_cTextual
040 _aCRL
_cCRL
_beng
041 _2eng
_aeng
082 _aY:45.49G, Q9
100 _aRiaz Ali Ed.
245 0 _aPolitical violence in South Asia
260 _aLondon
_bRoutledge UK
_c2019
300 _axi,210p.
_ccm.
650 _a VIOLENCE
650 _aSOUTH ASIA - HISTORY
_928047
700 _a Nasreen Zobaida Ed.
_9601184
700 _a Zaman Fahmida Ed.
_9601185
942 _hY:45.49G, Q9
_cTEXL
_2cc
999 _c968857
_d968857